00841nam a2200193 a 450000100100000000500170001000800410002702000180006804000250008610000350011124501210014625000120026726000420027930000210032150501130034250000700045595201050052599900170063000004421220201002045223.0140610s2008 dr 000 0 spa d a9789993494256 aDO-SdBNPbspacBNPHU1 aGarrido, José Orlando97221714aLas 100 causas de la riqueza y la pobreza :beconómia, intelectual, espiritual y humana /cJosé Orlando Garrido. a2a. ed. aSanto Domingo :bPrográfica,c2008. a148 p. ;c22 cm.0 a¿Cómo lograr el éxito completo?tCuando no lo alcazamos, ¿de quién necesitamos ayuda para obtenerlo? aIncluye datos biográficos del autor en la solapa de la cubierta 0010718PDaGRbGRcCTd2014-06-10iLF1l0o p44212-10r2020-06-25w2020-06-25yLFPDZNo se presta c43701d43701